Sudeste ; Ligados / (Record no. 106527)
[ view plain ]
| 000 -CABECERA | |
|---|---|
| campo de control de longitud fija | 00579nam a2200217 a 4500 |
| 005 - FECHA Y HORA DE LA ÚLTIMA TRANSACCIÓN | |
| campo de control | 20220622063433.0 |
| 008 - ELEMENTOS DE LONGITUD FIJA--INFORMACIÓN GENERAL | |
| campo de control de longitud fija | 040825s1998 mx r 000 0 spa d |
| 020 ## - NÚMERO INTERNACIONAL NORMALIZADO PARA LIBROS | |
| Número Internacional Estándar del Libro | 8489666334 |
| 035 ## - NÚMERO DE CONTROL DEL SISTEMA | |
| Número de control de sistema | UPN01000134376 |
| 049 ## - COLECCIÓN | |
| Colección | CG |
| 050 #4 - SIGNATURA TOPOGRÁFICA DE LA BIBLIOTECA DEL CONGRESO | |
| Número de clasificación | PQ7798.13 O5.7 |
| Número de documento/Ítem | S9 |
| 100 1# - ASIENTO PRINCIPAL--NOMBRE PERSONAL | |
| Nombre de persona | Conti, Haroldo, |
| Fechas asociadas al nombre | 1925-1976 |
| 245 10 - MENCIÓN DE TÍTULO | |
| Título | Sudeste ; Ligados / |
| Mención de responsabilidad, etc. | Haroldo Conti. |
| 260 ## - PUBLICACIÓN, DISTRIBUCIÓN, ETC. | |
| Lugar de publicación, distribución, etc. | Madrid : |
| Nombre del editor, distribuidor, etc. | ALLCA XX : |
| -- | CNCA, |
| Fecha de publicación, distribución, etc. | 1998. |
| 300 ## - DESCRIPCIÓN FÍSICA | |
| Extensión | 736 p. : |
| Otras características físicas | il. |
| 440 #0 - MENCIÓN DE SERIE/ASIENTO SECUNDARIO--TÍTULO | |
| Título | Archivos ; |
| Designación de volumen o secuencia | 34 |
| 500 ## - NOTA GENERAL | |
| Nota general | "Edición Crítica" |
| 650 #0 - ASIENTO SECUNDARIO DE MATERIA - TERMINO TEMATICO | |
| Término de materia o nombre geográfico como elemento de entrada | Novela argentina |
| 9 (RLIN) | 5078 |
| 740 0# - ASIENTO SECUNDARIO - TÍTULOS RELACIONADOS /ANALITICOS NO CONTROLADOS | |
| Título relacionado o analítico no controlado | Ligados |
| 905 ## - TIPO DE MATERIAL | |
| Tipo de material | Libro |
| Estado de retiro | Estado de pérdida | Fuente del sistema de clasificación o colocación | Estado dañado | No para préstamo | Código de colección | Localización permanente | Ubicación/localización actual | Ubicación en estantería | Total de préstamos | Clasificación | Código de barras | Fecha visto por última vez | Número de copia | Tipo de ítem Koha |
|---|---|---|---|---|---|---|---|---|---|---|---|---|---|---|
| Library of Congress Classification | Colección General | Bib. Gregorio Torres Quintero | Bib. Gregorio Torres Quintero | Planta baja | PQ7798.13 O5.7 S9 | 206284 | 31/12/2020 | 1 | Libro | |||||
| Library of Congress Classification | Colección General | Bib. Gregorio Torres Quintero | Bib. Gregorio Torres Quintero | Planta baja | PQ7798.13 O5.7 S9 | 206283 | 31/12/2020 | 1 | Libro |
